Business Discourse.
Zapisane w:
| Główni autorzy: | , , |
|---|---|
| Format: | Książka |
| Język: | angielski |
| Wydane: |
London, United Kingdom:
Palgrave Mcmillan,
2013
|
| Wydanie: | Second edition. |
| Seria: | Resarch and Practice in Applied Linguistics
|
| Hasła przedmiotowe: | |
| Etykiety: |
Dodaj etykietę
Nie ma etykietki, Dołącz pierwszą etykiete!
|
MARC
| LEADER | 00000nam a22000007a 4500 | ||
|---|---|---|---|
| 003 | CL-VaPUC | ||
| 005 | 20220502093350.0 | ||
| 008 | 220331b2013 ||||| |||| 00| 0 eng d | ||
| 999 | |c 435229 |d 435227 | ||
| 020 | |a 978-1-137-02492-3 | ||
| 040 | |c Pontificia Universidad Católica de Valparaíso | ||
| 082 | 7 | |a 306.44 BAR 2013 |2 22 | |
| 100 | 1 | |a Bargiela-Chiappini, Francesca |e author |9 867856 | |
| 245 | 1 | |a Business Discourse. | |
| 250 | |a Second edition. | ||
| 260 | |a London, United Kingdom: |b Palgrave Mcmillan, |c 2013 | ||
| 300 | |a 359 páginas | ||
| 490 | |a Resarch and Practice in Applied Linguistics | ||
| 500 | |a C.1 Donación Familia profesor Giovanni Parodi S. Memo 01/2022. 25-03-2022 | ||
| 583 | |c 20220331 |k Catalogador Asistente | ||
| 650 | 0 | |a Comunicación de negocios |9 866869 | |
| 650 | 0 | |a Inglés de negocios |9 868697 | |
| 700 | |a Nickerson, Catherine |e author |9 867857 | ||
| 700 | |a Planken, Brigitte Chantal |e author |9 867858 | ||
| 942 | |2 ddc |c BK | ||
| 952 | |0 0 |1 0 |2 ddc |4 0 |6 306_440000000000000_BAR_2013 |7 0 |8 C_GPS |9 582341 |a FDOPOS |b FDOPOS |c GEN |d 2022-03-31 |e Donación |i 5650611 |o 306.44 BAR 2013 |p 5650611 |r 2025-01-22 |t 1 |w 2022-03-31 |y BK |k MLA | ||